[Event "33rd Leon Blitz Open 2020"]
[Site "chess.com INT"]
[Date "2020.07.14"]
[Round "5"]
[White "Adhiban, Baskaran"]
[Black "Aldokhin, Ivan"]
[Result "1-0"]
[WhiteTitle "GM"]
[BlackTitle "IM"]
[WhiteElo "2659"]
[BlackElo "2413"]
[WhiteFideId "5018471"]
[BlackFideId "24115720"]
[EventDate "2020.07.14"]
[EventType "blitz"]

1. d4 Nf6 2. Nf3 g6 3. Bg5 Bg7 4. Nbd2 d5 5. c3 O-O 6. e3 b6 7. Bd3 c5 8. O-O
Bb7 9. b4 Ne4 10. bxc5 bxc5 11. Qb1 Nxd2 12. Qxb7 Nxf3+ 13. gxf3 Nd7 14. Qxd5
Qc7 15. Bxe7 Rfe8 16. Bd6 Qa5 17. dxc5 Nf6 18. Qc4 Rac8 19. Qb4 Qd8 20. Bc4 Nd7
21. Rad1 Qf6 22. Be2 Nxc5 23. Rd5 Ne6 24. c4 Ng5 25. Kg2 h6 26. h4 Ne6 27. Rh1
Nc7 28. Rdd1 Na6 29. Qb5 Nb8 30. c5 Nc6 31. f4 Qe6 32. Qc4 Qf5 33. Bf3 Ne7 34.
h5 g5 35. fxg5 Qxg5+ 36. Qg4 Nf5 37. Qxg5 hxg5 38. Bg4 Nxd6 39. cxd6 Rcd8 40. h6
Bf6 41. Rd5 Re4 42. Bf5 Ra4 43. e4 Re8 44. h7+ Kg7 45. d7 Rd8 46. h8=Q+ Rxh8 47.
Rxh8 Kxh8 48. d8=Q+ Bxd8 49. Rxd8+ Kg7 50. Rd2 Kf6 51. Kg3 Ke5 52. f3 Ra3 53.
Kg4 Kf6 54. Rd6+ Ke5 55. Rd2 Kf6 56. Rc2 a5 57. Rb2 Ke5 58. Kxg5 Rxf3 59. Rb5+
Kd4 60. Rxa5 Rg3+ 61. Kf6 Rg1 62. Kxf7 Re1 63. Kf6 Kc4 64. e5 Kb4 65. Ra8 Kb5
66. e6 Kc6 67. e7 1-0

[Event "33rd Leon Blitz Open 2020"]
[Site "chess.com INT"]
[Date "2020.07.14"]
[Round "5"]
[White "Seul, Georg"]
[Black "Ramoutar, Alan-Safar"]
[Result "1/2-1/2"]
[WhiteTitle "IM"]
[BlackTitle "IM"]
[WhiteElo "2372"]
[BlackElo "2305"]
[WhiteFideId "4601653"]
[BlackFideId "7704224"]
[EventDate "2020.07.14"]
[EventType "blitz"]

1. e4 c5 2. d3 g6 3. f4 Bg7 4. Nf3 Nc6 5. Be2 d6 6. O-O Nf6 7. Qe1 O-O 8. Qh4 e6
9. c3 Nd7 10. Qxd8 Rxd8 11. f5 exf5 12. exf5 Nde5 13. fxg6 hxg6 14. Na3 a6 15.
Nc4 Bf5 16. Nb6 Rab8 17. Rd1 d5 18. Bf4 d4 19. cxd4 Nxd4 20. Nxd4 Rxd4 21. Be3
Rb4 22. Bxc5 Rxb2 23. Bf1 Rc2 24. d4 Nd7 25. Bd6 Re8 26. Nd5 Bf8 27. Bg3 Be4 28.
Ne3 Rcc8 29. d5 Nf6 30. d6 Nd7 31. Rac1 Bc6 32. Nc4 Bh6 33. Rb1 Bg7 34. Na5 b5
35. a4 bxa4 36. Bxa6 Ra8 37. Nxc6 Rxa6 38. Nb4 Rb6 39. Nd5 Rxb1 40. Rxb1 Be5 41.
Rb7 Bxg3 42. hxg3 Rd8 43. Rxd7 Rxd7 44. Nf6+ Kg7 45. Nxd7 a3 46. Nc5 a2 47. Nb3
Kf6 48. Kf2 Ke6 49. Ke3 Kxd6 50. Kd4 Ke6 51. g4 Kf6 52. Ke4 Kg5 53. Kf3 Kh4 54.
Kf4 f6 55. Na1 g5+ 56. Kf5 Kg3 57. Nc2 Kh4 58. Na1 Kg3 59. Nb3 Kh4 60. Na1 1/2-1/2

[Event "33rd Leon Blitz Open 2020"]
[Site "chess.com INT"]
[Date "2020.07.14"]
[Round "5"]
[White "Singgih, Diajeng Theresa"]
[Black "Bjerre, Jonas Buhl"]
[Result "0-1"]
[WhiteTitle "WFM"]
[BlackTitle "GM"]
[WhiteElo "1972"]
[BlackElo "2549"]
[WhiteFideId "7104391"]
[BlackFideId "1444948"]
[EventDate "2020.07.14"]
[EventType "blitz"]

1. e4 c5 2. Nf3 d6 3. c3 Nf6 4. Bd3 Nc6 5. Bc2 Bg4 6. h3 Bh5 7. O-O e6 8. d3 Be7
9. Be3 O-O 10. d4 cxd4 11. cxd4 d5 12. e5 Ne4 13. Nc3 Nxc3 14. bxc3 Rc8 15. Rb1
Na5 16. Bxh7+ Kxh7 17. Ng5+ Bxg5 18. Qxh5+ Bh6 19. g4 Rxc3 20. Bd2 Ra3 21. g5
Rxa2 22. gxh6 g6 23. Qd1 Nc4 24. Bb4 Re8 25. Qf3 Qg5+ 26. Kh1 Qf5 27. Qxf5 exf5
28. Bc3 b6 29. Rfe1 Ra3 30. Bb4 Rxh3+ 31. Kg2 Rd3 32. Rbd1 Rxd1 33. Rxd1 a5 34.
Bd6 b5 35. Rb1 b4 36. Bc7 Rc8 37. Bd6 Kxh6 38. Be7 g5 39. Rh1+ Kg6 40. f4 gxf4
41. Kf3 Nd2+ 42. Kxf4 Rc3 43. Rg1+ Kh7 44. Bf6 Rf3+ 45. Kg5 Ne4+ 46. Kh4 Rf4+
47. Kh5 Rg4 48. Rc1 Ng3# 0-1

[Event "33rd Leon Blitz Open 2020"]
[Site "chess.com INT"]
[Date "2020.07.14"]
[Round "5"]
[White "Munkhzul, Turmunkh"]
[Black "Srdanovic, Jovana"]
[Result "0-1"]
[WhiteTitle "WIM"]
[BlackTitle "WFM"]
[WhiteElo "2278"]
[BlackElo "2070"]
[WhiteFideId "4901878"]
[BlackFideId "954810"]
[EventDate "2020.07.14"]
[EventType "blitz"]

1. e4 e6 2. d4 d5 3. exd5 exd5 4. Bd3 c5 5. c3 Nf6 6. Ne2 Nc6 7. O-O Be7 8. Bf4
c4 9. Bc2 O-O 10. h3 b5 11. a3 a5 12. Nd2 Be6 13. Nf3 b4 14. axb4 axb4 15. Qd2
b3 16. Rxa8 Qxa8 17. Bb1 Qc8 18. Ne5 Nd7 19. Nxc4 dxc4 20. d5 Nc5 21. dxe6 Nxe6
22. Be3 Rd8 23. Qc1 Nc5 24. Rd1 Ne5 25. Rxd8+ Qxd8 26. Bd4 Ned3 27. Qd2 Bf6 28.
Be3 Na4 29. Bxd3 Qxd3 30. Qxd3 cxd3 31. Nc1 Bxc3 32. Nxb3 Nxb2 33. Kf1 g6 34.
Bd2 Bxd2 35. Nxd2 f5 36. f3 Kf7 37. Kf2 f4 38. Ne4 Ke6 39. Ke1 Kd5 40. Nf6+ Kd4
41. Kd2 Nc4+ 42. Kd1 Ne3+ 43. Kd2 Nxg2 44. Nxh7 Ne3 45. Nf8 Nc4+ 46. Kd1 Kc3 47.
Nxg6 Ne3+ 48. Ke1 d2+ 49. Kf2 d1=Q 50. Nxf4 Nd5 51. Ne2+ Kd2 52. Ng3 Qe1+ 53.
Kg2 Nf4+ 54. Kh2 Qf2+ 0-1

[Event "33rd Leon Blitz Open 2020"]
[Site "chess.com INT"]
[Date "2020.07.14"]
[Round "5"]
[White "Rottenwohrer Suarez, Juan"]
[Black "Wagh, Suyog"]
[Result "0-1"]
[WhiteTitle "CM"]
[BlackTitle "FM"]
[WhiteElo "2197"]
[BlackElo "2246"]
[WhiteFideId "32068182"]
[BlackFideId "25071688"]
[EventDate "2020.07.14"]
[EventType "blitz"]

1. Nf3 d5 2. b3 c6 3. Bb2 Bg4 4. e3 Nd7 5. Be2 Ngf6 6. O-O e6 7. c4 Bd6 8. h3
Bh5 9. d3 O-O 10. Nbd2 a5 11. a3 e5 12. cxd5 cxd5 13. e4 Re8 14. Nh4 Bg6 15.
Nxg6 hxg6 16. Bf3 Nc5 17. Qe2 dxe4 18. dxe4 Ne6 19. Nc4 Bc7 20. Rfd1 Qb8 21. a4
Nf4 22. Qf1 b5 23. axb5 Qxb5 24. Nd6 Qxf1+ 25. Kxf1 Bxd6 26. Rxd6 Nh7 27. h4 f6
28. Be2 Nxe2 29. Kxe2 Reb8 30. Ra3 Rb5 31. Bc3 Rab8 32. Rxa5 Rxb3 33. Bd2 Nf8
34. Ra7 Rb2 35. f3 R8b7 36. Rxb7 Rxb7 37. Rd8 Kf7 38. Ra8 Ne6 39. Be3 f5 40. Ra2
Rb4 41. exf5 gxf5 42. g3 Kf6 43. Kf2 Rb3 44. Rc2 f4 45. gxf4 exf4 46. Bc1 Nd4
47. Bb2 Rxf3+ 48. Kg2 Rd3 49. Rc4 Rd2+ 50. Kh3 Rxb2 51. Rxd4 Kf5 52. Rd5+ Ke4
53. Rd7 Rb3+ 54. Kg4 Rg3+ 55. Kh5 g6+ 56. Kh6 f3 57. Re7+ Kd3 58. h5 gxh5 59.
Kxh5 f2 60. Rf7 Ke2 61. Re7+ Re3 0-1

[Event "33rd Leon Blitz Open 2020"]
[Site "chess.com INT"]
[Date "2020.07.14"]
[Round "5"]
[White "Shtembuliak, Evgeny"]
[Black "Fawzy, Adham"]
[Result "1/2-1/2"]
[WhiteTitle "GM"]
[BlackTitle "GM"]
[WhiteElo "2620"]
[BlackElo "2467"]
[WhiteFideId "14113325"]
[BlackFideId "10613129"]
[EventDate "2020.07.14"]
[EventType "blitz"]

1. c4 c5 2. Nf3 Nc6 3. Nc3 e5 4. g3 g6 5. Bg2 Bg7 6. O-O Nge7 7. d3 O-O 8. a3 d6
9. Rb1 a5 10. Nd2 Be6 11. Nd5 Rb8 12. b3 b5 13. Bb2 b4 14. axb4 Bxd5 15. cxd5
Nxb4 16. e4 Nxd3 17. Bc3 Nb4 18. Nc4 Nc8 19. Ra1 Ra8 20. Qd2 Qc7 21. Ra3 Nb6 22.
Nxa5 N6xd5 23. exd5 Rxa5 24. Bxb4 cxb4 25. Qxb4 Rc5 26. Ra6 Rb8 27. Qa4 Rcb5 28.
Rc6 Qe7 29. Rb1 Rb4 30. Qa6 Bf8 31. Qa3 Qb7 32. Rc3 e4 33. Rd1 f5 34. Qa2 Rxb3
35. Rc2 Rb1 36. Rd2 Qb3 37. Qxb1 Qxb1 38. Rxb1 Rxb1+ 39. Bf1 Bh6 40. Rc2 Rd1 41.
Kg2 Bg7 42. Rc8+ Kf7 43. Rc7+ Kf8 44. Bb5 Bd4 45. Rc2 Ke7 46. Bc6 g5 47. Re2 Kf6
48. h3 h5 49. h4 gxh4 50. gxh4 Ke5 51. Be8 f4 52. Bxh5 Kxd5 53. Rxe4 Kxe4 54.
Bxd1 Kf5 55. Bf3 Bf6 56. h5 Kg5 57. Kf1 Bd4 58. Ke2 Ba7 59. Kf1 Bc5 60. Ke2 Ba7
61. Kf1 Bc5 62. Ke2 Ba7 1/2-1/2

[Event "33rd Leon Blitz Open 2020"]
[Site "chess.com INT"]
[Date "2020.07.14"]
[Round "5"]
[White "Pham, Le Thao Nguyen"]
[Black "Postny, Evgeny"]
[Result "1-0"]
[WhiteTitle "IM"]
[BlackTitle "GM"]
[WhiteElo "2366"]
[BlackElo "2600"]
[WhiteFideId "12401226"]
[BlackFideId "2804344"]
[EventDate "2020.07.14"]
[EventType "blitz"]

1. d4 Nf6 2. Nf3 d5 3. c4 c6 4. Nc3 a6 5. cxd5 cxd5 6. Bf4 Nc6 7. e3 Bg4 8. Rc1
e6 9. Be2 Be7 10. h3 Bxf3 11. Bxf3 O-O 12. O-O Rc8 13. Na4 Nd7 14. a3 b5 15. Nc5
Nxc5 16. dxc5 Qd7 17. b4 Rfd8 18. Bg3 Bf6 19. Rc2 Be5 20. Bh4 Re8 21. Be2 f5 22.
f4 Bb8 23. Bf3 Qf7 24. Rd2 Kh8 25. Qb3 h6 26. Qb2 Kh7 27. Rd3 Rg8 28. Qe2 g5 29.
Bh5 Qf6 30. Be1 Rg7 31. Bc3 d4 32. Bb2 Rcg8 33. Rf2 e5 34. fxe5 Qxe5 35. Qf3 Ne7
36. Bxd4 Qh2+ 37. Kf1 g4 38. hxg4 Bg3 39. Bxg7 Rxg7 40. Rd7 Bxf2 41. Kxf2 Qe5
42. gxf5 Qb2+ 43. Qe2 Qf6 44. Qf3 Qh4+ 45. Ke2 Qf6 46. Kf1 Qa1+ 47. Rd1 Qf6 48.
e4 Nc6 49. Rd6 Qa1+ 50. Qd1 Qe5 51. Bg6+ Kh8 52. Rxc6 Qf4+ 53. Qf3 Qc1+ 54. Kf2
Rd7 55. Rd6 Qb2+ 56. Kg1 Qa1+ 57. Qf1 1-0

[Event "33rd Leon Blitz Open 2020"]
[Site "chess.com INT"]
[Date "2020.07.14"]
[Round "5"]
[White "Navalgund, Niranjan"]
[Black "Yanchenko, Roman"]
[Result "1/2-1/2"]
[WhiteTitle "FM"]
[BlackTitle "FM"]
[WhiteElo "2289"]
[BlackElo "2467"]
[WhiteFideId "5030854"]
[BlackFideId "4137329"]
[EventDate "2020.07.14"]
[EventType "blitz"]

1. d4 d5 2. Nf3 Bf5 3. c3 Nf6 4. Bf4 e6 5. Nbd2 c5 6. e3 Nc6 7. Bb5 Bd6 8. Ne5
Bxe5 9. dxe5 Nd7 10. h4 Qb6 11. Qa4 Bc2 12. Qxc2 Qxb5 13. c4 dxc4 14. Nxc4 O-O
15. Nd6 Qb4+ 16. Qc3 Ndxe5 17. Qxb4 Nd3+ 18. Ke2 Ncxb4 19. a3 Nxf4+ 20. exf4 Nd5
21. g3 b6 22. Rad1 Rfd8 23. Nc4 f6 24. Kf3 Kf7 25. Rhe1 Rd7 26. f5 exf5 27. Ne3
Rad8 28. Nxf5 g6 29. Nh6+ Kg7 30. Ng4 h5 31. Ne3 Nxe3 32. Rxd7+ Rxd7 33. Rxe3
Kf7 34. Re2 Rd3+ 35. Ke4 Rd4+ 36. Kf3 g5 37. hxg5 fxg5 38. Kg2 h4 39. gxh4 gxh4
40. f3 Rd3 41. Kh3 Rxf3+ 42. Kxh4 Kf6 43. Kg4 Rf1 44. Kg3 Rf5 45. Kg4 Re5 46.
Rh2 Ke6 47. Kf4 Kd6 48. Rd2+ Rd5 49. Rh2 Kc6 50. Ke4 Rd4+ 51. Ke3 Kb5 52. Rc2
Ka4 53. Rc3 Rd7 54. Ke2 a5 55. Ke1 Kb5 56. Ke2 Rd4 57. Ke3 a4 58. Ke2 Rc4 59.
Kd3 Rxc3+ 60. Kxc3 Kc6 61. Kc4 b5+ 62. Kc3 Kd6 63. Kd3 Kd5 64. Kc3 Ke4 65. Kc2
Kd4 66. Kd2 Kc4 67. Kc2 b4 68. axb4 Kxb4 69. Kc1 Kb3 70. Kb1 Kb4 71. Kc2 Kc4 72.
Kb1 Kd3 73. Kc1 Ke3 74. Kc2 Kd4 75. Kc1 Kd3 76. Kd1 Kc4 77. Kc2 Kb4 78. Kc1 Kb5
79. Kb1 Kc4 80. Kc2 Kd4 81. Kd2 Kc4 82. Kc2 1/2-1/2

[Event "33rd Leon Blitz Open 2020"]
[Site "chess.com INT"]
[Date "2020.07.14"]
[Round "5"]
[White "Aravindh, Chithambaram VR."]
[Black "Kazakouski, Valery"]
[Result "1-0"]
[WhiteTitle "GM"]
[BlackTitle "IM"]
[WhiteElo "2641"]
[BlackElo "2473"]
[WhiteFideId "5072786"]
[BlackFideId "13507443"]
[EventDate "2020.07.14"]
[EventType "blitz"]

1. g3 Nf6 2. Bg2 d5 3. Nf3 e6 4. O-O Be7 5. b3 O-O 6. c4 a5 7. Nc3 d4 8. Nb5 c5
9. e3 Nc6 10. exd4 cxd4 11. Re1 Re8 12. d3 Bb4 13. Bd2 e5 14. a3 Bc5 15. Bg5 Bg4
16. Bxf6 Qxf6 17. Nc7 e4 18. Nxe8 Rxe8 19. h3 Bxf3 20. Bxf3 e3 21. Ra2 Ne5 22.
Be4 Qh6 23. Kg2 Qb6 24. b4 axb4 25. axb4 Qxb4 26. Qa4 Qxa4 27. Rxa4 exf2 28.
Kxf2 b6 29. Rea1 g6 30. Ra8 Rxa8 31. Rxa8+ Kg7 32. Ke2 h5 33. Re8 Kf6 34. Bd5
Bd6 35. Rc8 Ke7 36. Ra8 f5 37. Rg8 Kf6 38. Rd8 Ke7 39. Ra8 Kf6 40. Ra6 Bc5 41.
Ra7 Bd6 42. Rb7 Bc5 43. h4 Ng4 44. Rf7+ Ke5 45. Kf3 Ne3 46. Bc6 Ke6 47. Rb7 Ng4
48. Bd5+ Kf6 49. Rf7+ Ke5 50. Rc7 Kf6 51. Rc6+ Kg7 52. Kf4 Ne3 53. Rc7+ Kh8 54.
Kg5 Bd6 55. Rd7 Bxg3 56. Kxg6 1-0

[Event "33rd Leon Blitz Open 2020"]
[Site "chess.com INT"]
[Date "2020.07.14"]
[Round "5"]
[White "Svicevic, Rastko"]
[Black "Titichoca Daza, Daniel"]
[Result "1/2-1/2"]
[WhiteTitle "FM"]
[BlackTitle "CM"]
[WhiteElo "2215"]
[BlackElo "2090"]
[WhiteFideId "916315"]
[BlackFideId "3309550"]
[EventDate "2020.07.14"]
[EventType "blitz"]

1. e4 c5 2. Nf3 d6 3. Bb5+ Nd7 4. c3 Nf6 5. Qe2 e5 6. O-O a6 7. Ba4 b5 8. Bc2
Bb7 9. d4 Be7 10. Bg5 O-O 11. Nbd2 Re8 12. d5 Nh5 13. Be3 Nf4 14. Qe1 g6 15. g3
Nh5 16. a4 Ng7 17. Qe2 c4 18. b3 cxb3 19. Bxb3 f5 20. axb5 axb5 21. Qxb5 Rb8 22.
Ba4 Nf6 23. c4 Bxd5 24. cxd5 Rxb5 25. Bxb5 Rf8 26. Ra7 Nxe4 27. Nxe4 fxe4 28.
Nd2 Bg5 29. Nxe4 Bxe3 30. fxe3 Rxf1+ 31. Kxf1 Nf5 32. Rd7 Qf8 33. Ke2 Qh6 34.
Nf6+ Kh8 35. Rxh7+ Qxh7 36. Nxh7 Kxh7 37. Kf3 Kg7 38. Bd7 Ne7 39. Be6 Kf6 40. h4
Kg7 41. g4 Kf6 42. g5+ Kg7 43. Kg4 Kh7 44. e4 Kg7 45. h5 gxh5+ 46. Kxh5 Ng6 47.
Kg4 Nf4 48. Kf5 Nd3 49. Bc8 Nc5 50. g6 Kh6 51. Kf6 Nxe4+ 52. Kf7 Ng5+ 53. Kf6
Ne4+ 54. Kf5 Nc3 55. Kf6 Nxd5+ 56. Kf7 Kg5 57. g7 Nf6 58. Bb7 Kf5 59. Be4+ Kg5
60. Bd5 Kf5 61. Be4+ Kg5 62. Bf3 Kf5 63. Be4+ 1/2-1/2

[Event "33rd Leon Blitz Open 2020"]
[Site "chess.com INT"]
[Date "2020.07.14"]
[Round "5"]
[White "Srihari, L R"]
[Black "Vaibhav, Suri"]
[Result "1-0"]
[WhiteTitle "FM"]
[BlackTitle "GM"]
[WhiteElo "2414"]
[BlackElo "2600"]
[WhiteFideId "46617116"]
[BlackFideId "5045185"]
[EventDate "2020.07.14"]
[EventType "blitz"]

1. d4 d5 2. c4 e6 3. Nc3 a6 4. cxd5 exd5 5. Nf3 c6 6. Bf4 Bd6 7. Bxd6 Qxd6 8. e3
Ne7 9. Bd3 Bf5 10. O-O O-O 11. Re1 Nd7 12. e4 dxe4 13. Nxe4 Bxe4 14. Bxe4 Nf6
15. Bd3 Rad8 16. Qb3 Qc7 17. a4 a5 18. Rad1 Ned5 19. Bb1 Qb6 20. Qc2 Rfe8 21.
Re5 Nb4 22. Qc1 Qc7 23. Rde1 Rxe5 24. dxe5 Nd7 25. e6 fxe6 26. Ng5 Nf8 27. Nxe6
Nxe6 28. Rxe6 Qd7 29. Re1 Qd2 30. Qc4+ Qd5 31. Qh4 g6 32. h3 Rf8 33. Re7 Rf7 34.
Re8+ Kg7 35. Rd8 Qe5 36. Be4 Qxb2 37. Bf3 Qc1+ 38. Rd1 Qc3 39. Qd8 Qe5 40. Bg4
h5 41. Bf3 Qc5 42. Rd7 Qc1+ 43. Kh2 Qf4+ 44. Kg1 Rxd7 45. Qxd7+ Qf7 46. Qd4+ Kh7
47. Qb6 Nc2 48. Qxa5 Nd4 49. Be4 Qe7 50. Qxh5+ Kg8 51. Qxg6+ Kf8 52. Qh6+ Qg7
53. Qd6+ Ke8 54. Bg6+ 1-0

[Event "33rd Leon Blitz Open 2020"]
[Site "chess.com INT"]
[Date "2020.07.14"]
[Round "5"]
[White "Kobalia, Mikhail"]
[Black "Melkumyan, Hrant"]
[Result "1-0"]
[WhiteTitle "GM"]
[BlackTitle "GM"]
[WhiteElo "2614"]
[BlackElo "2663"]
[WhiteFideId "4119150"]
[BlackFideId "13302485"]
[EventDate "2020.07.14"]
[EventType "blitz"]

1. e4 c5 2. Nf3 Nc6 3. Bb5 g6 4. Bxc6 dxc6 5. O-O Qc7 6. d3 e5 7. Nbd2 Nh6 8.
Nc4 f6 9. a4 a5 10. Ne1 g5 11. c3 Be6 12. Nc2 Rd8 13. N2e3 Nf7 14. Qf3 Be7 15.
Rd1 O-O 16. Nf5 Rfe8 17. Nxe7+ Rxe7 18. Be3 Bxc4 19. dxc4 Rxd1+ 20. Rxd1 Rd7 21.
Bxc5 Kg7 22. h4 Rxd1+ 23. Qxd1 b6 24. Be3 c5 25. hxg5 fxg5 26. Qd5 h6 27. g3 Kf6
28. Kg2 Qd6 29. Kf3 Qe6 30. g4 Nd6 31. b3 Ke7 32. Kg3 Qxd5 33. exd5 Ne4+ 34. Kf3
Nxc3 35. Bd2 Na2 36. Ke4 Kf6 37. d6 Ke6 38. d7 Kxd7 39. Kxe5 Ke7 40. Kf5 Kf7 41.
f4 gxf4 42. Bxf4 Nc3 43. Bc7 Ne2 44. Bxb6 Nd4+ 45. Ke4 Nxb3 46. Kd5 Nc1 47. Bxc5
Nd3 48. Bd4 Nb4+ 49. Kd6 Nc2 50. Bf2 Na3 51. c5 Nc4+ 52. Kc7 Ne5 53. c6 Ke6 54.
Kb7 Nc4 55. c7 Nd6+ 56. Kb8 Kd7 57. Be3 Nc8 58. Bxh6 Ne7 59. Kb7 Nc8 60. Bf8 1-0

[Event "33rd Leon Blitz Open 2020"]
[Site "chess.com INT"]
[Date "2020.07.14"]
[Round "5"]
[White "Lamard, Guillaume"]
[Black "Koellner, Ruben Gideon"]
[Result "0-1"]
[WhiteTitle "IM"]
[BlackTitle "FM"]
[WhiteElo "2486"]
[BlackElo "2376"]
[WhiteFideId "600261"]
[BlackFideId "12993093"]
[EventDate "2020.07.14"]
[EventType "blitz"]

1. d4 d6 2. Nf3 Nf6 3. c4 g6 4. Nc3 Bf5 5. e3 Bg7 6. Bd3 Bxd3 7. Qxd3 O-O 8. O-O
Re8 9. e4 Nc6 10. d5 Ne5 11. Nxe5 dxe5 12. Be3 e6 13. Rfd1 exd5 14. cxd5 c6 15.
dxc6 Qxd3 16. Rxd3 bxc6 17. f3 Bf8 18. Na4 Reb8 19. Rc1 Rb4 20. b3 Nh5 21. Rxc6
f5 22. exf5 gxf5 23. Rd5 Bg7 24. Rc7 a6 25. Nc5 Rb5 26. Rdd7 Bf8 27. Ne6 e4 28.
Rxh7 Nf6 29. Rhf7 Nd5 30. Nxf8 Nxc7 31. Rxc7 Rxf8 32. f4 Rd8 33. Kf2 Rd1 34. Rc6
a5 35. h3 Ra1 36. Rc2 a4 37. Bd4 Rd1 38. Be3 axb3 39. axb3 Rd3 40. g4 Rbxb3 41.
Re2 Kf7 42. g5 Kg6 43. Bc5 Rf3+ 44. Ke1 Rxh3 45. Bd6 Rhf3 46. Be5 Rb1+ 47. Kd2
Rbf1 48. Bd4 Rxf4 49. Rh2 Kxg5 50. Be3 Kg4 51. Bxf4 Kxf4 52. Ke2 Ra1 53. Rh4+
Ke5 54. Rh8 Ra2+ 55. Ke1 Kf4 56. Rh3 Kg4 57. Rb3 f4 58. Kf1 e3 59. Rc3 Kf3 60.
Kg1 Ra1+ 61. Kh2 Kf2 62. Rc4 f3 63. Kh3 0-1

[Event "33rd Leon Blitz Open 2020"]
[Site "chess.com INT"]
[Date "2020.07.14"]
[Round "5"]
[White "Praveen, Kumar C"]
[Black "Moiseenko, Alexander"]
[Result "0-1"]
[WhiteTitle "IM"]
[BlackTitle "GM"]
[WhiteElo "2158"]
[BlackElo "2620"]
[WhiteFideId "5007372"]
[BlackFideId "14102560"]
[EventDate "2020.07.14"]
[EventType "blitz"]

1. d4 Nf6 2. c4 e6 3. Nc3 Bb4 4. e3 b6 5. Ne2 Ne4 6. a3 Nxc3 7. Nxc3 Bxc3+ 8.
bxc3 Bb7 9. Qc2 O-O 10. f3 f5 11. Bd3 Qh4+ 12. Qf2 Qxf2+ 13. Kxf2 c5 14. d5 exd5
15. cxd5 Bxd5 16. c4 Be6 17. Bb2 Nc6 18. Rhd1 Rad8 19. Bc3 d6 20. Rac1 Ne5 21.
Bb2 Nxd3+ 22. Rxd3 Rd7 23. a4 Rfd8 24. a5 d5 25. axb6 axb6 26. cxd5 Rxd5 27.
Rxd5 Rxd5 28. Bc3 b5 29. Ra1 b4 30. Ra8+ Kf7 31. Ra7+ Rd7 32. Rxd7+ Bxd7 33. Be5
g6 34. Bd6 b3 35. Be5 Ke6 36. Bb2 Kd5 37. Ke2 Bb5+ 38. Kd2 Bf1 39. g4 fxg4 40.
fxg4 Ke4 41. g5 c4 42. Bd4 Bh3 43. Kc3 Be6 44. h4 Kf3 45. e4 Kg3 46. Be3 Kxh4
47. Bd2 Kg4 48. Bc1 Kf3 49. Kd4 Ke2 50. Kc3 Bg8 51. Ba3 Ke3 52. e5 Kf4 53. Bc1+
Kxe5 54. Bd2 Kf5 55. Bc1 Bd5 56. Bd2 Be4 57. Bc1 Bd3 58. Bd2 Ke6 59. Bc1 Kd5 60.
Bd2 Bf5 61. Bc1 Be6 62. Bd2 Ke4 63. Bc1 Bg8 64. Bd2 Ke5 65. Bc1 Kf5 66. Bd2 h5
67. gxh6 g5 68. Bc1 g4 69. h7 Bxh7 70. Kxc4 Bg8+ 71. Kd3 g3 72. Ke2 Kg4 73. Kf1
Kf3 74. Kg1 Bd5 0-1

[Event "33rd Leon Blitz Open 2020"]
[Site "chess.com INT"]
[Date "2020.07.14"]
[Round "5"]
[White "Bethke, Richard"]
[Black "Efimenko, Zahar"]
[Result "0-1"]
[WhiteTitle "FM"]
[BlackTitle "GM"]
[WhiteElo "2332"]
[BlackElo "2602"]
[WhiteFideId "12959243"]
[BlackFideId "14107201"]
[EventDate "2020.07.14"]
[EventType "blitz"]

1. e4 g6 2. d4 Bg7 3. Nf3 d6 4. Bc4 Nf6 5. Qe2 c6 6. O-O O-O 7. Bb3 Bg4 8. h3
Bxf3 9. Qxf3 Nbd7 10. Rd1 Qc7 11. Nc3 e5 12. Be3 Rad8 13. a4 a5 14. Rd2 Nh5 15.
Rad1 exd4 16. Bxd4 Bh6 17. Be3 Ne5 18. Qe2 Nf4 19. Qf1 Qe7 20. Ne2 Qf6 21. Nxf4
Bxf4 22. Bxf4 Qxf4 23. Qe2 Rfe8 24. Kf1 Qh2 25. Qe3 Qh1+ 26. Ke2 Qxg2 27. Rxd6
Rxd6 28. Rxd6 Ng4 29. Bxf7+ Kxf7 30. Rd7+ Ke6 31. Qd4 Qxf2+ 32. Qxf2 Nxf2 33.
Rxh7 Nxe4 34. Rxb7 Rh8 35. Ra7 Rxh3 36. Rxa5 g5 37. Ra8 Rh2+ 38. Kf3 Nd6 39. Rg8
Rxc2 40. Rxg5 Rxb2 41. Rc5 Kd7 42. Kf4 Ra2 43. a5 Nb7 44. Rh5 Rxa5 45. Rh7+ Kc8
46. Ke4 Nd6+ 47. Kd4 Rd5+ 48. Kc3 c5 49. Kb3 Nb7 50. Kc4 Rd7 51. Rh8+ Kc7 52.
Rh6 Rd6 53. Rh8 Kb6 54. Rb8 Rd4+ 55. Kc3 Kc6 56. Rc8+ Kb5 57. Rb8 Rd7 58. Kb3
c4+ 59. Kc3 Rd3+ 60. Kc2 Kb6 61. Rc8 Kb5 62. Rb8 Rd7 63. Kc3 Rh7 64. Rc8 Nd6 65.
Rb8+ Kc5 66. Rc8+ Nxc8 0-1

[Event "33rd Leon Blitz Open 2020"]
[Site "chess.com INT"]
[Date "2020.07.14"]
[Round "5"]
[White "Tregubov, Pavel V."]
[Black "Sanal, Vahap"]
[Result "0-1"]
[WhiteTitle "GM"]
[BlackTitle "GM"]
[WhiteElo "2560"]
[BlackElo "2581"]
[WhiteFideId "4115341"]
[BlackFideId "6300545"]
[EventDate "2020.07.14"]
[EventType "blitz"]

1. e4 c5 2. Nf3 Nc6 3. c3 Nf6 4. e5 Nd5 5. d4 cxd4 6. cxd4 e6 7. Bc4 d6 8. O-O
Be7 9. Qe2 O-O 10. Rd1 Bd7 11. a3 Rc8 12. Bd2 Na5 13. Ba2 b5 14. Nc3 Nc4 15.
Nxd5 exd5 16. Bf4 Re8 17. Rac1 Bg4 18. Bb1 g6 19. h3 Bxf3 20. Qxf3 Nxb2 21. Rxc8
Qxc8 22. Rc1 Qe6 23. Qb3 Nc4 24. Qxb5 Bf8 25. Ba2 dxe5 26. dxe5 Rc8 27. Rd1 Rc5
28. Qb8 Qf5 29. Bg3 Rc8 30. Qb7 Nb6 31. Bb1 Qe6 32. Qxa7 Bc5 33. Qb7 Rd8 34. Bh4
Rd7 35. Qb8+ Bf8 36. Ba2 Na4 37. Qc8 Ra7 38. Qc2 Nb6 39. Bd8 Nc4 40. a4 Rd7 41.
Bf6 Nxe5 42. Bg5 Nc6 43. Qb3 h6 44. Be3 Nb4 45. Bb1 Kh7 46. Bd4 Nc6 47. Bb6 Ne5
48. a5 Nc4 49. Qb5 Bg7 50. Ba2 Qe2 51. Qb1 Na3 52. Qb3 Nc4 53. Bd4 Nd2 54. Rxd2
Qxd2 55. Bxg7 Kxg7 56. a6 Qe1+ 57. Kh2 Qxf2 58. Qc3+ d4 59. Qc4 Qf4+ 60. Kh1 Rc7 0-1

[Event "33rd Leon Blitz Open 2020"]
[Site "chess.com INT"]
[Date "2020.07.14"]
[Round "5"]
[White "Harsha, Bharathakoti"]
[Black "Fedoseev, Vladimir3"]
[Result "0-1"]
[WhiteTitle "GM"]
[BlackTitle "GM"]
[WhiteElo "2509"]
[BlackElo "2678"]
[WhiteFideId "5078776"]
[BlackFideId "24130737"]
[EventDate "2020.07.14"]
[EventType "blitz"]

1. d4 Nf6 2. c4 g6 3. Nc3 Bg7 4. e4 d6 5. Be2 O-O 6. Bg5 c5 7. d5 e6 8. Qd2 exd5
9. exd5 Re8 10. Nf3 Qb6 11. O-O Bf5 12. Nh4 Bc8 13. Bd3 Na6 14. Rae1 Bd7 15. h3
Rxe1 16. Rxe1 Re8 17. Rxe8+ Nxe8 18. Nf3 Nac7 19. b3 Qa5 20. Ne4 Qxd2 21. Bxd2
f5 22. Nc3 a6 23. a4 b6 24. h4 Nf6 25. Ne2 b5 26. axb5 axb5 27. Ba5 bxc4 28.
bxc4 Na6 29. Nc3 Bf8 30. Kf1 Be7 31. Nb5 Nb4 32. Bxb4 cxb4 33. Ke2 Kf8 34. Nfd4
Ng4 35. g3 Bf6 36. Nb3 Ke7 37. f3 Ne5 38. f4 Ng4 39. Kd2 Nf2 40. Ke3 Nd1+ 41.
Kd2 Nc3 42. Nxc3 bxc3+ 43. Ke3 Ba4 44. Bc2 Kd8 45. Kd3 Kc7 46. Nc1 Bxc2+ 47.
Kxc2 Kb6 48. Nb3 h6 49. Kd3 Bh8 50. Kc2 Bg7 51. Kd3 Bf6 52. Kc2 Kc7 53. Kd3 Kd7
54. Nc1 c2 55. Kxc2 Bd4 56. Ne2 Bf2 57. Kc3 Kc7 58. Kb3 Kb6 59. Kb4 Be1+ 60. Kb3
Kc5 61. Kc2 Kxc4 62. Kd1 Bf2 63. Kd2 Kxd5 64. Kd3 Kc5 65. Kc3 d5 66. Kd3 d4 67.
Kc2 Kc4 68. Kd2 d3 69. Nc1 Bxg3 70. Nxd3 Kd4 71. Ke2 Bxh4 72. Ne5 Bf6 73. Nxg6
Kd5 74. Nf8 Kd6 75. Kf3 Ke7 76. Ng6+ Kf7 77. Ne5+ Bxe5 78. fxe5 Ke6 79. Kf4 0-1